00515nam a2200193Ia 4500003000900000008004100009040001300050040001300063041000800076100001600084245013000100250001000230260001500240260000900255300001100264300001000275490003000285490000600315IT-RoPAU120407s9999 xx 000 0 und d aIT-RoPAU cIT-RoPAU afra aJean Colson aMinistre de Jésus Christ ou le sacerdoce de l’evangile. Etude sur la condition sacerdotale.... dans l’eglise primitive. aParis aBeauchesne c1966 a391 p. c21 cm aThéologie Historique, 4 v1